| 000 -LEADER | |
|---|---|
| fixed length control field | 00432nam a22001697a 4500 |
| 005 - DATE AND TIME OF LATEST TRANSACTION | |
| control field | 20230727141020.0 |
| 008 - FIXED-LENGTH DATA ELEMENTS--GENERAL INFORMATION | |
| fixed length control field | 230727b |||||||| |||| 00| 0 eng d |
| 020 ## - INTERNATIONAL STANDARD BOOK NUMBER | |
| ISBN | 978-81-931981-0- |
| 041 ## - LANGUAGE CODE | |
| Language code of text/sound track or separate title | eng |
| 082 ## - DEWEY DECIMAL CLASSIFICATION NUMBER | |
| Classification number | 345.400 5 |
| 100 ## - MAIN ENTRY--AUTHOR NAME | |
| Personal name | DHAL, DEBI PRASHAD |
| 245 ## - TITLE STATEMENT | |
| Title | INDIAN BAR REVIEW VOL-47[4] 2020 |
| 260 ## - PUBLICATION, DISTRIBUTION, ETC. (IMPRINT) | |
| Place of publication | NEW DELHI |
| Name of publisher | BAR COUNCIL OF INDIA TRUST |
| Year of publication | 2020 |
| 300 ## - PHYSICAL DESCRIPTION | |
| Number of Pages | 470;p |
| 650 ## - SUBJECT ADDED ENTRY--TOPICAL TERM | |
| Topical Term | LAW |
| 942 ## - ADDED ENTRY ELEMENTS (KOHA) | |
| Koha item type | Books |
| Lost status | Damaged status | Home library | Current library | Date acquired | Source of acquisition | Cost, normal purchase price | Full call number | Accession Number | Koha item type | Collection code | Shelving location |
|---|---|---|---|---|---|---|---|---|---|---|---|
| JRU Library | JRU Library | 27/07/2023 | PURCHASE | 16200.00 | 345.400 5 | 27743 | Books | ||||
| JRU Library | JRU Library | 27/07/2023 | PURCHASE | 16200.00 | 345.400 5 | 27744 | Books | LAW | SHELF-33-F | ||
| JRU Library | JRU Library | 27/07/2023 | PURCHASE | 16200.00 | 345.400 5 | 27745 | Books | LAW | SHELF-33-E | ||
| JRU Library | JRU Library | 27/07/2023 | PURCHASE | 16200.00 | 345.400 5 | 27746 | Books | LAW | SHELF-33-E | ||
| JRU Library | JRU Library | 27/07/2023 | PURCHASE | 16200.00 | 345.400 5 | 27747 | Books | LAW | SHELF-33-F | ||
| JRU Library | JRU Library | 27/07/2023 | PURCHASE | 16200.00 | 345.400 5 | 27748 | Books | LAW | SHELF-33-E | ||
| JRU Library | JRU Library | 27/07/2023 | PURCHASE | 16200.00 | 345.400 5 | 27749 | Books | LAW | SHELF-33-E | ||
| JRU Library | JRU Library | 27/07/2023 | PURCHASE | 16200.00 | 345.400 5 | 27750 | Books | LAW | SHELF-33-F | ||
| JRU Library | JRU Library | 27/07/2023 | PURCHASE | 16200.00 | 345.400 5 | 27751 | Books | LAW | SHELF-33-F | ||
| JRU Library | JRU Library | 27/07/2023 | PURCHASE | 16200.00 | 345.400 5 | 27752 | Books | LAW | SHELF-33-E |